| 000 | 00601nam a2200205Ia 4500 | ||
|---|---|---|---|
| 005 | 20250326144147.0 | ||
| 008 | 250326s9999 xx 000 0 und d | ||
| 020 | _a978-0-691-12135-2 | ||
| 037 | _aTextbook | ||
| 040 |
_aFMSL _beng _cFMSL |
||
| 041 |
_aeng _2eng |
||
| 084 |
_aX.1 P7 _qFMSL |
||
| 100 | _aClark Gregory | ||
| 245 | 0 |
_aFarewell to alms: brief ecomic history of the world _cClark Gregory |
|
| 260 |
_aNew Jersey _bNew Jersey, Princiton university press _c2007 |
||
| 300 | _axii,420 | ||
| 365 | _b1389.9794999999999 | ||
| 942 |
_cTB _hX.1 P7 |
||
| 999 |
_c1302609 _d1302609 |
||